| 000 | 00840cab a2200241 4500 | ||
|---|---|---|---|
| 001 | X87247 | ||
| 008 | 090401t1997 xxu||||| |||| 00| 0 eng d | ||
| 035 | _a(Sirsi) u81651 | ||
| 041 | _aeng | ||
| 245 | _aUjima Housing v Ansah and another | ||
| 260 | _c1997 | ||
| 350 | _a0 | ||
| 490 |
_aNew Property Cases _v[1997] NPC 144 |
||
| 520 | _aCA 17 October 1997. An assured tenant who vacates a flat leaving it fully funished on a sub-tenancy is unable to claim that it continues to be his principal home under the Housing Act 1988. (Headnote from journal) NO PHOTOCOPYING ALLOWED. | ||
| 650 | _aASSURED TENANCY | ||
| 650 | _aFLATS | ||
| 650 | _aFURNISHED ACCOMMODATION | ||
| 650 | _aHOUSING ACT 1988 | ||
| 650 | _aSUB-TENANCY | ||
| 690 | _aLANDLORD AND TENANT-CASE LAW-RESIDENTIAL TENANCIES | ||
| 942 | _n0 | ||
| 948 | _c23/10/1997 | ||
| 999 |
_c51466 _d51466 |
||